书目信息 |
| 题名: |
抗癌: 防治复发
|
|
| 作者: | 徐晓 , 海鹰 著 | |
| 分册: | ||
| 出版信息: | 北京 人民体育出版社 2021.09 |
|
| 页数: | 263页 | |
| 开本: | 24cm | |
| 丛书名: | 智慧抗癌三部曲 | |
| 单 册: | ||
| 中图分类: | R73 | |
| 科图分类: | ||
| 主题词: | 癌--ai--防治--基本知识 | |
| 电子资源: | ||
| ISBN: | 978-7-5009-6064-5 | |
| 000 | 01281nam 2200289 450 | |
| 001 | CAL 010808366 | |
| 005 | 20230308143222.0 | |
| 010 | @a978-7-5009-6064-5@dCNY55.00 | |
| 100 | @a20220118d2021 em y0chiy0120 ea | |
| 101 | 0 | @achi |
| 102 | @aCN@b110000 | |
| 105 | @ay z 000yy | |
| 106 | @ar | |
| 200 | 1 | @a抗癌: 防治复发@Akang ai : fang zhi fu fa@e癌症康复之策略@f徐晓, 海鹰著 |
| 210 | @a北京@c人民体育出版社@d2021.09 | |
| 215 | @a263页@d24cm | |
| 225 | 2 | @a智慧抗癌三部曲@Azhi hui kang ai san bu qu |
| 314 | @a徐晓, 16岁下乡内蒙古, 21岁转插山西, 当年考入话剧团做演员。25岁回到阔别近十年的北京上学 (北京广播学院文艺编辑专业) 。毕业后任职于国家级媒体, 做过编辑、记者、主持人。海鹰, 年轻时, 与妻子徐晓同为内蒙古生产建设兵团一个连队的战友。回京后, 当过工人, 后供职于国家机关、中央媒体和跨国公司, 为国家政策研究者、媒介市场研究者和职业经理人。 | |
| 330 | @a本书共5个章节, 分别就复发、应对癌魔的策略、癌症患者的困惑、癌症患者的责任和作者海鹰对自己癌症复发的思考等话题, 进行了阐述。 | |
| 410 | 0 | @12001 @a智慧抗癌三部曲 |
| 517 | 1 | @a癌症康复之策略@Aai zheng kang fu zhi ce lue |
| 606 | 0 | @a癌@Aai@x防治@x基本知识 |
| 690 | @aR73@v5 | |
| 701 | 0 | @a徐晓@Axu xiao@4著 |
| 701 | 0 | @a海鹰@Ahai ying@4著 |
| 801 | 0 | @aCN@bBJXHXP@c20230308 |
| 905 | @b1404066-9@dR73@e28@f4 | |
| 抗癌: 防治复发:癌症康复之策略/徐晓, 海鹰著.-北京:人民体育出版社,2021.09 |
| 263页;24cm.-(智慧抗癌三部曲) |
| ISBN 978-7-5009-6064-5:CNY55.00 |
| 本书共5个章节, 分别就复发、应对癌魔的策略、癌症患者的困惑、癌症患者的责任和作者海鹰对自己癌症复发的思考等话题, 进行了阐述。 |
| ● |
| 相关链接 |
|
|
|
|
正题名:抗癌: 防治复发
索取号:R73/28
 
预约/预借
| 序号 | 登录号 | 条形码 | 馆藏地/架位号 | 状态 | 备注 |
| 1 | 1404066 | 214040660 | 第二样本阅览室/ [索取号:R73/28] | 在馆 | |
| 2 | 1404067 | 214040679 | 第三借阅区/ [索取号:R73/28] | 在馆 | |
| 3 | 1404068 | 214040688 | 第三借阅区/ [索取号:R73/28] | 在馆 | |
| 4 | 1404069 | 214040697 | 第三借阅区/ [索取号:R73/28] | 在馆 |